Small scale enterprises.V .8 asistance and incentive (Record no. 184630)

MARC details
000 -LEADER
fixed length control field 00399nam a2200145Ia 4500
008 - FIXED-LENGTH DATA ELEMENTS--GENERAL INFORMATION
fixed length control field 140306s9999 xx 000 0 und d
041 ## - LANGUAGE CODE
Language code of text/sound track or separate title eng
082 ## - DEWEY DECIMAL CLASSIFICATION NUMBER
Classification number 338.6
Item number VAS/SM
100 ## - MAIN ENTRY--PERSONAL NAME
Personal name Vasant, Desai
245 ## - TITLE STATEMENT
Title Small scale enterprises.V .8 asistance and incentive
260 ## - PUBLICATION, DISTRIBUTION, ETC. (IMPRINT)
Place of publication, distribution, etc. Bombay
Name of publisher, distributor, etc. Himalaya Publishing House
Date of publication, distribution, etc. 1999
300 ## - PHYSICAL DESCRIPTION
Extent 388
440 ## - SERIES STATEMENT/ADDED ENTRY--TITLE
Volume/sequential designation Asistance and incentive
942 ## - ADDED ENTRY ELEMENTS (KOHA)
Source of classification or shelving scheme Dewey Decimal Classification
Koha item type Books (General)
Holdings
Withdrawn status Lost status Source of classification or shelving scheme Damaged status Not for loan Home library Current library Date acquired Total Checkouts Full call number Date last seen Price effective from Koha item type
    Dewey Decimal Classification     College of Co-operation, Banking & Management Library, Vellanikkara College of Co-operation, Banking & Management Library, Vellanikkara 03/06/2004   338.6 VAS/SM 22/03/2014 22/03/2014 Books (General)
Kerala Agricultural University Central Library
Thrissur-(Dt.), Kerala Pin:- 680656, India
Ph : (+91)(487) 2372219
E-mail: librarian@kau.in
Website: http://library.kau.in/